Housing in transition (Record no. 114305)

MARC details
000 -LEADER
fixed length control field 01952cad a22002655a 4500
001 - CONTROL NUMBER
control field L156591
008 - FIXED-LENGTH DATA ELEMENTS--GENERAL INFORMATION
fixed length control field 120611s2012 xxk f 000 0 eng d
035 ## - SYSTEM CONTROL NUMBER
System control number (Sirsi) u156591
041 0# - LANGUAGE CODE
Language code of text/sound track or separate title eng
100 1# - MAIN ENTRY--PERSONAL NAME
Personal name Whitehead, Christine
110 2# - MAIN ENTRY--CORPORATE NAME
Corporate name or jurisdiction name as entry element Cambridge Centre for Housing and Planning Research
245 00 - TITLE STATEMENT
Title Housing in transition
Remainder of title Understanding the dynamics of tenure change, a report for the Resolution Foundation and Shelter Appendix A
Medium [electronic resource]
260 ## - PUBLICATION, DISTRIBUTION, ETC.
Place of publication, distribution, etc. [Cambridge
Date of publication, distribution, etc. University of Cambridge Department of Land Economy
Name of publisher, distributor, etc. [2012?]
520 ## - SUMMARY, ETC.
Summary, etc. Research commissioned by the Resolution Foundation and Shelter to look at residential tenure changes in the private rented sector. Part one examines the Survey of English Housing and its successor the English Housing Survey between 1993-1994 and 2009-2012 breaking the data down by tenure, region, household type and household income. Part two projects these trends forwards to 2025 and explores how tenure structure may develop under three different economic scenarios including a continuing weak economy, a central cautious expansion from a low base and a robust recovery. Concludes that the private rented sector will continue to grow as a mainstream housing tenure choice particularly for London with social renting playing a key role for lower income households. Improvements in economic conditions may lead to a surge in home ownership options particularly outside London. For Main report see L156585 and Appendix B L156592
590 ## - LOCAL NOTE (RLIN)
Local note KA
650 24 - SUBJECT ADDED ENTRY--TOPICAL TERM
Topical term or geographic name entry element ENGLISH HOUSING SURVEY
650 24 - SUBJECT ADDED ENTRY--TOPICAL TERM
Topical term or geographic name entry element SURVEY OF ENGLISH HOUSING
651 #4 - SUBJECT ADDED ENTRY--GEOGRAPHIC NAME
Geographic name England
690 ## - LOCAL SUBJECT ADDED ENTRY--TOPICAL TERM (OCLC, RLIN)
Topical term or geographic name as entry element Residential property
9 (RLIN) 6266
700 1# - ADDED ENTRY--PERSONAL NAME
Personal name Williams, Peter
700 1# - ADDED ENTRY--PERSONAL NAME
Personal name Tang, Connie
700 1# - ADDED ENTRY--PERSONAL NAME
Personal name Udagawa, Chihiro
856 40 - ELECTRONIC LOCATION AND ACCESS
Uniform Resource Identifier <a href="https://www.cchpr.landecon.cam.ac.uk/Downloads/RF%20Shelter%20Appendix%20A%20May%2030%202012.pdf">https://www.cchpr.landecon.cam.ac.uk/Downloads/RF%20Shelter%20Appendix%20A%20May%2030%202012.pdf</a>
Public note View the item free of charge from the www.cchpr.landecon.cam.ac.uk
942 ## - ADDED ENTRY ELEMENTS (KOHA)
Suppress in OPAC 0
Holdings
Withdrawn status Lost status Source of classification or shelving scheme Damaged status Not for loan Home library Current library Shelving location Date acquired Total Checkouts Full call number Barcode Date last seen Copy number Price effective from Koha item type
    Dewey Decimal Classification     Virtual Virtual Online 11/06/2012   ONLINE PUBLICATION 156591-2001 06/08/2019 1 06/08/2019 Book